000 01916cam a22004694i 4500
003 PE-LiUPU
005 20250731172952.0
008 150623s r 000 0 d
035 _a(Sirsi) a21426
040 _aPE-LiUPU
_bspa
_cPE-LiUPU
_erda
082 0 4 _a254.5
_bH992r
_223
100 1 _aHybels, Lynne,
_eautor.
245 1 0 _aRediscovering church :
_bthe story and vision of Willow Creek Community Church /
_cLynne [and] Bill Hybels.
264 1 _aMichigan :
_bZondervan Publishing House,
_c1995.
300 _a213 páginas ;
_c24 centímetros.
336 _atext
_2rdacontent
337 _aunmediated
_2rdamedia
338 _avolume
_2rdacarrier
490 0 _a(Willow Creek Resources)
504 _aBibliografía al final de cada capítulo.
505 0 _aSon City-1972-75. -Transition era-"Be the church". -The wonder years - 1975-78. -The train wreck-1979. -The buildup-1980-87. -The world discovers willow-1988-91. -The identity crisis -1992-94. -1995 and beyond. -Exploring willow Creek's influence. -The vision of a Biblically functioning community. -A mission and a strategy. -Values that distinguish a movement. -Growing fully devoted followers.
526 _aSEG42
526 _aSEG41
526 _aSEG40
526 _aSEG39
526 _aP94
526 _aP87
526 _aP86
526 _aP85
526 _aP77
526 _aP76
526 _aP35
600 1 _aHybels, Bill
610 0 _aIglesia comunitaria de Willow Creek (South Barrington, Illinois)
_93268
650 1 0 _aCrecimiento de lglesia
_vEstudios de casos.
_93269
650 1 4 _aGrandes iglesias
_vEstudio de casos.
_93270
700 1 _aHybels, Bill,
_eautor.
942 _2ddc
_cBK
_n0
949 _a254.5 H992r
_wDEWEY
_c1
_i45008
_lCCODEBUL1
_mBUL
_p00.00
_r0
_sY
_tBOOK
_u2015-06-24
_xTEOLOGIA
_0COMPRA
_o.STAFF. Colección General
980 _81
_gALBERTO SANCHEZ Responsable de Automatización
999 _c21887
_d21887